| 000 | 01445cam a22003138i 4500 | ||
|---|---|---|---|
| 942 | _cBK | ||
| 999 |
_c655 _d655 |
||
| 001 | 20913606 | ||
| 003 | OSt | ||
| 005 | 20250420134820.0 | ||
| 008 | 190402s2020 nju b 001 0 eng | ||
| 010 | _a 2019015618 | ||
| 020 | _a9781119482178 (hardback) | ||
| 040 |
_aDLC _beng _erda _cDLC |
||
| 042 | _apcc | ||
| 050 | 0 | 0 |
_aTK5104 _b.P725 2020 |
| 082 | 0 | 0 |
_a621.3825 _223 |
| 100 | 1 |
_aPratt, Timothy, _eauthor. _95215 |
|
| 245 | 1 | 0 |
_aSatellite communications / _cTimothy Pratt, Jeremy E. Allnutt. |
| 250 | _a3rd edition. | ||
| 260 |
_aHoboken, NJ : _bWiley, _c2020. |
||
| 300 | _apages cm | ||
| 504 | _aIncludes bibliographical references and index. | ||
| 505 | 0 | _aIntroduction -- Orbital mechanics and launchers -- Satellites -- Satellite link design -- Digital transmission and error control -- Modulation and multiple access -- Propagation effects and their impact on satellite-earth links -- Low throughput systems and small satellites -- NGSO satellite systems -- Direct broadcast satellite television and radio -- Satellite internet -- Satellite navigation and the Global Positioning System -- Glossary -- Appendices. | |
| 650 | 0 |
_aArtificial satellites in telecommunication. _95216 |
|
| 650 | 0 |
_aArtificial satellites in telecommunication _vProblems, exercises, etc. _95217 |
|
| 650 | 0 |
_aTelecommunication _vProblems, exercises, etc. _95218 |
|
| 700 | 1 |
_aAllnutt, J. E. _q(Jeremy E.), _eauthor. _95219 |
|
| 942 | _2ddc | ||